| 000 | 00409nam a2200157Ia 4500 | ||
|---|---|---|---|
| 008 | 230312s9999||||xx |||||||||||||| ||und|| | ||
| 020 | _a0-07-034027-7 | ||
| 082 |
_a301 _bHEB-I |
||
| 100 | _aHebding Deniel E. | ||
| 245 | 0 | _aIntroduction To Sociology | |
| 260 |
_bMcGraw Hill _aNew York _c1996 |
||
| 300 | _a562 | ||
| 546 | _aEng. | ||
| 650 |
_aEconomics _vCulture and Society , Socialization , |
||
| 942 | _cBK | ||
| 999 |
_c2776 _d2776 |
||